000 00694nam a22002177a 4500
003 OSt
005 20240808124401.0
008 240808b |||||||| |||| 00| 0 eng d
020 _a8172333838
040 _aMMU
_beng
_cMMU
_dMMU
050 _aSB126 .R47 2004
245 _aresaearch methods in plant sciences :
_bAllelophathy /
_cedited by S. S. Narwal
260 _aJodhpur, India :
_bScientific Publishers,
_c2004.
300 _axiii,353 pages:
_billustrations.;
504 _aIncludes bibliographical reference and index.
650 _aSoil analysis
_91092
650 _aSoil microbiology
_91093
700 _aDahiya S. S.
_91094
700 _aSingh J. P
_91095
942 _2lcc
_cLOAN LOAN
999 _c32842
_d32839